|
|
|
|
| LEADER |
00000nam2a2200000 4500 |
| 001 |
273390 |
| 005 |
20231101234626.0 |
| 035 |
|
|
|a (RuTPU)RU\TPU\book\296599
|
| 090 |
|
|
|a 273390
|
| 100 |
|
|
|a 20141025d1987 k y0rusy50 ca
|
| 101 |
0 |
|
|a rus
|
| 102 |
|
|
|a RU
|
| 105 |
|
|
|a a z 001zy
|
| 200 |
0 |
|
|a Т. 4
|f под ред. Э. Ф. Богданова
|
| 210 |
|
|
|d 1987
|
| 215 |
|
|
|a 220 с.
|c ил.
|
| 320 |
|
|
|a Библиогр.: с. 203-217
|
| 461 |
|
1 |
|0 (RuTPU)RU\TPU\book\295650
|x 0202-7690
|t Технология и оборудование кузнечно-штамповочного производства
|f Академия наук СССР (АН СССР), Всесоюзный институт научной и технической информации (ВИНИТИ)
|v Т. 4
|d 1975-1987
|s Итоги науки и техники
|
| 606 |
1 |
|
|a Кузнечно-штамповочное производство
|2 stltpush
|3 (RuTPU)RU\TPU\subj\16645
|9 42597
|
| 610 |
1 |
|
|a ГАС
|
| 610 |
1 |
|
|a гибкие автоматизированные системы
|
| 610 |
1 |
|
|a ГПС
|
| 610 |
1 |
|
|a гибкие производственные системы
|
| 610 |
1 |
|
|a обработка давлением
|
| 610 |
1 |
|
|a объемная штамповка
|
| 610 |
1 |
|
|a листоштамповочное производство
|
| 610 |
1 |
|
|a технологические процессы
|
| 610 |
1 |
|
|a моделирование
|
| 675 |
|
|
|a 621.735
|v 3
|
| 702 |
|
1 |
|a Богданов
|b Э. Ф.
|4 340
|
| 801 |
|
1 |
|a RU
|b 63413507
|c 20141025
|
| 801 |
|
2 |
|a RU
|b 63413507
|c 20170112
|g RCR
|
| 942 |
|
|
|c BK
|